|
|
|
|
| LEADER |
00000nam a2200000 a 4500 |
| 001 |
vtls011751526 |
| 003 |
SK-MaSNL |
| 005 |
20260301183100.0 |
| 008 |
200205s1875 xo a 0 an0 slo |
| 015 |
|
|
|a SNBHFA1875
|
| 035 |
|
|
|a urn:nbn:sk:snk-am00d6bf
|
| 035 |
|
|
|a urn:nbn:sk:snk-am3hr5a
|
| 035 |
|
|
|a 0BAF32FB-4A62-4469-B516-5DCA5CBA29DE
|
| 040 |
|
|
|a SNKHF
|b slo
|c SNK
|e AACR2
|
| 041 |
0 |
|
|a slo
|
| 044 |
|
|
|a xo
|c SK
|
| 072 |
|
7 |
|a 783
|x Cirkevná hudba. Duchovná hudba. Náboženská hudba
|2 konspekt
|
| 080 |
|
|
|a 783.6
|2 2011
|
| 130 |
0 |
|
|a Nabožná
|9 302786
|
| 245 |
1 |
0 |
|a Nabožná Pjseň ke cti a chwále Pána Gežjsse Krysta
|
| 260 |
|
|
|a W Skalicy
|b u Skarnycla Synů
|c 1875
|
| 300 |
|
|
|a [7] s.
|c 11 cm
|
| 500 |
|
|
|a Titulná strana s drevorezom
|
| 501 |
|
|
|a Prív. 12. k : Swětská Pjseň Mladencům a Pannám k wýstraze wydaná. W Skalicy : u Skarnicla Synů, 1875.
|5 SNK SE 143/1-24/prív.12
|
| 546 |
|
|
|a Slovenčina
|b Fraktúra
|
| 650 |
0 |
7 |
|a duchovné piesne
|2 SNKPH
|9 1928
|
| 700 |
1 |
|
|a Škarnicel, Jozef,
|d 1804-1877
|4 prt
|9 169168
|
| 710 |
0 |
|
|a Škarnicel, Jozef (Skalica, Slovensko)
|4 prt
|9 271317
|
| 752 |
|
|
|a Slovensko
|d Skalica
|
| 852 |
|
|
|a SNK
|p SE 143/1-24/prív.12
|
| 958 |
|
|
|a ONDV
|
| 999 |
|
|
|c 855808
|d 857738
|
| 952 |
|
|
|a SNK
|b SNK
|y PREZ
|7 0
|p 17A1300557
|o snkSE 143/1-24/prív.12
|i snk4724/28
|0 0
|1 0
|4 0
|d 2018-04-18
|f 1
|l 0
|r 2026-02-24 04:55:53
|w 2026-02-24
|